| 000 | 00401nam a2200145 a 4500 | ||
|---|---|---|---|
| 005 | 20140412111348.0 | ||
| 008 | 051109s19uu xx 00 eng d | ||
| 020 | _a0-8431-2765-1 | ||
| 050 |
_aER _bOh1 1989 |
||
| 100 | _aPienkowski, Jan | ||
| 245 |
_aOh my a fly! / _cJan Pienkowski. |
||
| 260 |
_aCalifornia : _bIntervisual communications , inc, _c1989. |
||
| 650 | _aRhyming words | ||
| 999 |
_c105256 _d105256 |
||